00454nam a2200145Ia 4500008004100000100001400041245009400055245003800149260003500187260000900222300002500231500000900256650002300265650002000288170224s9999 xx 000 0 und d aYue Zheng aAsian mobile communication research: current status, enduring issues and future trends  cYue Zheng, Ran Wei & Elmie Nekmat bAsian Journal of Communication c2016 a26:6, Pages: 532-547 a2016 xCommunication Arts xMultimedia Arts